000
00287nam a2200109Ia 4500
008
201217s9999 xx 000 0 und d
100
_a
Sonnenschein, Dan
245
2
_a
A Guide To VI : Visual Editing on the Unix System
260
_a
New Jersey
_b
Prentice-Hall
300
_a
180
942
_c
BK
999
_c
7989
_d
7989